¿Quién se enfrentó en estas guerras? - Estadísticas

Estadísticas generales
  • Esta prueba ha sido intentada 105 veces
  • La puntuación promedio es 20 de 28
Estadísticas de respuestas
Hint Respuesta % Correcto
Guerra de los Cien Años Reino de Francia
93%
Guerra de los Cien Años Reino de Inglaterra
92%
Primera guerra del Opio Reino Unido
92%
Primera guerra del Opio Dinastía Qing
91%
Invasión turca de Chipre Turquía
91%
Guerra de Invierno Unión Soviética
88%
Guerra de Castilla (Borneo) España
84%
Invasión turca de Chipre Chipre
83%
Guerra de liberación de Bangladés India
79%
Guerra de liberación de Bangladés Bangladés
78%
Invasión turca de Chipre Grecia
76%
Guerra de liberación de Bangladés Pakistán
70%
Guerra de los Seis Días Siria
70%
Guerra de los Seis Días Israel
69%
Guerra de los Seis Días Egipto
66%
Guerra de los Seis Días Irak
66%
Guerra de los Seis Días Jordania
64%
Guerra de la Triple Alianza Argentina
63%
Guerra del Pacífico Chile
62%
Guerra de la Triple Alianza Imperio de Brasil
62%
Guerra de la Triple Alianza Paraguay
61%
Guerra de la Triple Alianza Uruguay
61%
Guerra de los Seis Días Líbano
60%
Guerra del Pacífico Perú
60%
Guerra del Pacífico Bolivia
58%
Guerra de los Seis Días Arabia Saudita
57%
Guerra de Invierno Finlandia
57%
Guerra de Castilla (Borneo) Brunéi
17%
No se encontraron pruebas coincidentes
Distribución de puntuación
Porcentaje de gente con cada puntuación
Porcentaje por número respondido
Historial de tus puntuaciones
No has intentado esta prueba.